000 01537nam0a2200325 4500
001 RU\NLR\bibl\122195
005 20250617101309.0
010 _a5-8016-0169-4
_95000
021 _aRU
_b2000-27825
_91314
035 _a(NLR Aleph) 000119670
090 _a681172
_c681172
100 _a20001206d2000 |||y0rusy50 ca
101 0 _arus
102 _aRU
105 _ay |||||||||
200 1 _aИстория журналистики зарубежных стран
_eКонспект лекций
_fВ.В. Ворошилов
210 _aСПб.
_cИзд-во Михайлова В.А.
_d2000
215 _a61 с.
_d20
225 1 _aСерия "Высшее профессиональное образование"
320 _aБиблиогр.: с. 58-61 (57 назв.)
606 0 _aПропаганда
_jРуководства, пособия и т.п. для высшей школы
_xМассовые средства
_xИстория
_yЗарубежные страны
_92002937
_3RU\NLR\auth\66920586
606 0 _aСредства массовой информации
_jУчебные издания для высшей школы
_xИстория
_yЗарубежные страны
_92165380
_3RU\NLR\auth\661302924
686 _aЧ60.3(0)я73-2
700 1 _aВорошилов
_bВ. В.
_gВалентин Васильевич
_4070
801 0 _aRU
_bNLR
_c20001206
_gPSBO
801 1 _aRU
_bNLR
_c20001206
852 _aNLR
_j2000-4/7622
942 _cBOOK
980 _aNB